00393cam a2200145 a 450000100100000000500170001000800410002704000250006808200170009310000190011024500420012926000340017130000200020565000220022500000192720200929145747.0721114s1951 nyu 000 0 eng  aDO-SdBNPbspacBNPHU a178.7bB828h1 aBrean, Herbert10aHow to stop smoking /cHerbert Brean. aNew Yor k :bVanguard,c1951. a96 p. ;c20 cm. 4aHábito de fumar